000 00387nam a22001577a 4500
020 _a9788126424986
082 _aM301
_bBAL/E
100 _aBalakrishnan C V
245 _aEnte priyappetta kathakal/
_cby Balakrishnan C V
260 _aKottayam:
_bDC,
_c2016.
300 _a120p.
650 _aStories Malayalam
650 _aLiterature Malayalam
650 _aLiterature
942 _cBK
999 _c69930
_d69930